UM Logo

Adaptive second-order sliding mode control for grid-connected NPC converters with enhanced disturbance rejection / (Record no. 18821)

MARC details
000 -LEADER
fixed length control field 01350nam a22003017a 4500
003 - CONTROL NUMBER IDENTIFIER
control field OSt
005 - DATE AND TIME OF LATEST TRANSACTION
control field 20250319122350.0
008 - FIXED-LENGTH DATA ELEMENTS--GENERAL INFORMATION
fixed length control field 240130b ||||| |||| 00| 0 eng d
040 ## - CATALOGING SOURCE
Transcribing agency 0
082 ## - DEWEY DECIMAL CLASSIFICATION NUMBER
Classification number DPer 621.317 Ie21 January 2022 v.37 n. 1
100 ## - MAIN ENTRY--PERSONAL NAME
Personal name Shen, Xiaoning.
Relator term author.
9 (RLIN) 50983
245 ## - TITLE STATEMENT
Title Adaptive second-order sliding mode control for grid-connected NPC converters with enhanced disturbance rejection /
Statement of responsibility, etc. Xiaoning Shen, Jianxing Liu, Abraham Marquez Alcaide, Yunfei Yin, Jose I. Leon, Sergio Vazquez, Ligang Wu, and Leopoldo G. Franquelo.
260 ## - PUBLICATION, DISTRIBUTION, ETC. (IMPRINT)
Place of publication, distribution, etc. New York ;
Name of publisher, distributor, etc. The Institute of Electrical and Electronics Engineers, Inc.,
Date of publication, distribution, etc. January 2022.
300 ## - PHYSICAL DESCRIPTION
Extent volume 37, pages 206-220,
Other physical details illustration.
500 ## - GENERAL NOTE
General note IEEE Transactions on Power Electronics, v. 37 n. 1, pages 206-220, January 2022.
650 #0 - SUBJECT ADDED ENTRY--TOPICAL TERM
Topical term or geographic name as entry element Control systems.
9 (RLIN) 65713
650 #0 - SUBJECT ADDED ENTRY--TOPICAL TERM
Topical term or geographic name as entry element Power measurement.
9 (RLIN) 65748
650 #0 - SUBJECT ADDED ENTRY--TOPICAL TERM
Topical term or geographic name as entry element Voltage measurement.
9 (RLIN) 65722
700 ## - ADDED ENTRY--PERSONAL NAME
Personal name Shen, Xiaoning.
Relator term author.
9 (RLIN) 50983
700 ## - ADDED ENTRY--PERSONAL NAME
Personal name Liu, Jianxing.
Relator term author.
9 (RLIN) 50984
700 ## - ADDED ENTRY--PERSONAL NAME
Personal name Alcaide, Abraham Marquez.
Relator term author.
9 (RLIN) 50985
700 ## - ADDED ENTRY--PERSONAL NAME
Personal name Yin, Yunfei.
Relator term author.
9 (RLIN) 50986
700 ## - ADDED ENTRY--PERSONAL NAME
Personal name Leon, Jose I.
Relator term author.
9 (RLIN) 50987
700 ## - ADDED ENTRY--PERSONAL NAME
Personal name Vazquez, Sergio.
Relator term author.
9 (RLIN) 50988
700 ## - ADDED ENTRY--PERSONAL NAME
Personal name Wu, Ligang.
Relator term author.
9 (RLIN) 50989
700 ## - ADDED ENTRY--PERSONAL NAME
Personal name Franquelo, Leopoldo G.
Relator term author.
9 (RLIN) 50990
942 ## - ADDED ENTRY ELEMENTS (KOHA)
Source of classification or shelving scheme Dewey Decimal Classification
Koha item type Periodicals
Holdings
Withdrawn status Lost status Source of classification or shelving scheme Damaged status Not for loan Collection code Home library Current library Date acquired Total Checkouts Full call number Date last seen Price effective from Koha item type Public note
    Dewey Decimal Classification     Periodicals UM Digos College - LIC UM Digos College - LIC 01/30/2024   DPer 621.317 Ie21 January 2022 v. 37 n. 1 01/30/2024 01/30/2024 Periodicals Periodical Article